Waging war : a philosophical introduction /

Bibliographic Details
Main Author: Clark, Ian, 1949-
Format: Book
Language:English
Published: Oxford : New York : Clarendon Press ; Oxford University Press, 1988.
Subjects:

MARC

Tag First Indicator Second Indicator Subfields
LEADER 00000cam a2200000 a 4500
001 in00000025020
005 20151007055706.0
008 871019s1988 enk b 00110 eng
010 |a  87030754  
020 |a 0198273258 :  |c $26.25 
035 |a (OCoLC)17106604 
035 |9 AAB8995AM 
040 |a DLC  |c DLC  |d TXA  |d UtOrBLW 
049 |a TXAM 
050 0 0 |a U21.2  |b .C52 1988 
082 0 |a 355/.02  |2 19 
100 1 |a Clark, Ian,  |d 1949- 
245 1 0 |a Waging war :  |b a philosophical introduction /  |c Ian Clark. 
264 1 |a Oxford :  |b Clarendon Press ;  |a New York :  |b Oxford University Press,  |c 1988. 
300 |a 154 pages ;  |c 23 cm. 
336 |a text  |b txt  |2 rdacontent 
337 |a unmediated  |b n  |2 rdamedia 
338 |a volume  |b nc  |2 rdacarrier 
504 |a Includes bibliographical references (pages [143]-147) and index. 
536 |a From the library of Manuel H. Davenport, superb teacher and military ethicist, August 2001. 
650 0 |a War. 
650 0 |a War  |x Moral and ethical aspects. 
999 |a MARS 
999 f f |s 9860456a-f36f-3213-9ce9-381e20300da8  |i 4683c2b1-82f0-3935-8033-e2e2d328830e  |t 0 
952 f f |p ric  |a Texas A&M University  |b Rellis Campus  |c Joint Library Facility  |d Remote Storage  |t 0  |e U21.2 .C52 1988  |h Library of Congress classification  |i unmediated -- volume  |m A14811111625 
998 f f |a U21.2 .C52 1988  |t 0  |l Remote Storage